Rich dad Poor Dad (Record no. 10506)
[ view plain ]
| 000 -LEADER | |
|---|---|
| fixed length control field | 00403nam a22001697a 4500 |
| 003 - CONTROL NUMBER IDENTIFIER | |
| control field | OSt |
| 008 - FIXED-LENGTH DATA ELEMENTS--GENERAL INFORMATION | |
| fixed length control field | 210223b ||||| |||| 00| 0 eng d |
| 020 ## - INTERNATIONAL STANDARD BOOK NUMBER | |
| International Standard Book Number | 9781612680194 |
| 082 ## - DEWEY DECIMAL CLASSIFICATION NUMBER | |
| Classification number | 332.024 KIR |
| 100 ## - MAIN ENTRY--PERSONAL NAME | |
| Personal name | KIYOSAKI, Robert |
| 245 ## - TITLE STATEMENT | |
| Title | Rich dad Poor Dad |
| 250 ## - EDITION STATEMENT | |
| Edition statement | 20th Imp. |
| 260 ## - PUBLICATION, DISTRIBUTION, ETC. (IMPRINT) | |
| Place of publication, distribution, etc | New Delhi |
| Name of publisher, distributor, etc | Plata Publishing |
| Date of publication, distribution, etc | 2017 |
| 300 ## - PHYSICAL DESCRIPTION | |
| Extent | 352 |
| 650 ## - SUBJECT ADDED ENTRY--TOPICAL TERM | |
| Topical term or geographic name as entry element | General Books |
| 942 ## - ADDED ENTRY ELEMENTS (KOHA) | |
| Source of classification or shelving scheme | Dewey Decimal Classification |
| Koha item type | Text Books |
| 942 ## - ADDED ENTRY ELEMENTS (KOHA) | |
| -- | 21 |
| Withdrawn status | Lost status | Source of classification or shelving scheme | Damaged status | Not for loan | Collection code | Home library | Current library | Date acquired | Source of acquisition | Currency | Cost, normal purchase price | Bill Number | Total Checkouts | Full call number | Acc. no. / Barcode | Date last seen | Date last borrowed | Actual Cost, discounted price | Bill Date | Koha item type | Public note | Checked out |
|---|---|---|---|---|---|---|---|---|---|---|---|---|---|---|---|---|---|---|---|---|---|---|
| Dewey Decimal Classification | GENERAL | PIET C-LIBRARY | PIET C-LIBRARY | 08/02/2021 | Kirti Prakashan | Indian Rup | 499.00 | IN1508 | 29 | 332.024 KIR | 32500 | 06/10/2023 | 28/09/2023 | 374.25 | 06/02/2021 | Text Books | Motivational | |||||
| Dewey Decimal Classification | GENERAL | PIET C-LIBRARY | PIET C-LIBRARY | 08/02/2021 | Kirti Prakashan | Indian Rup | 499.00 | IN1508 | 1 | 332.024 KIR | 32501 | 21/01/2022 | 21/01/2022 | 374.25 | 06/02/2021 | Text Books | . | 20/07/2022 |